Quiz sur l'Indre - Statistiques

Statistiques générales
  • Ce quiz a été pris 288 fois
    273 depuis la dernière actualisation
  • Le résultat moyen est 15 sur 20
Statistiques - réponses
Question Réponse % Correct
Numéro du département 36
100%
Région Centre-Val-de-Loire
100%
Les communes de Valençay et Bouges sont connues pour ces bâtisses. Châteaux
97%
Préfecture Châteauroux
96%
Indre-et-Loire
95%
Départements limitrophes Cher
90%
Femme de lettres qui possédait un domaine à Nohant-Vic. George Sand
82%
Creuse
81%
Issoudun
79%
Animal dont l'élevage est indissociable de 3 produits AOP dans le département. Chèvre
77%
Vienne
75%
Sous-préfecture Le Blanc
74%
Parc naturel régionalqui recouvre l'ouest de l'Indre. Parc naturel régional de la Brenne
73%
Loir-et-Cher
71%
Ancienne province qui recouvre une grande partie de son territoire. Berry
68%
La Châtre
67%
Haute-Vienne
66%
Gentilé Indrien
51%
Nombre d'habitants (arrondi à la dizaine de milliers d'habitants) 220 000 (222 232)
36%
On retrouve le logo officiel de l'Indre un émouchet. De quel type d'oiseau est-il un représentant ? Les rapaces
17%
Aucun quiz correspondant
Distribution des résultats
% des personnes avec chaque résultat
Percentile par nombre de réponses
Votre historique - résultats
Vous n’avez pas pris ce quiz depuis la dernière actualisation